| 000 | 00404nam a22001457a 4500 | ||
|---|---|---|---|
| 020 | _a8178084511 | ||
| 040 | _cNUST | ||
| 082 |
_a629.892 _bCRA |
||
| 100 |
_aJohn J. Craig _9124585 |
||
| 245 | _aIntroduction to Robotics Mechanics and Control | ||
| 250 | _aSecond Edition, | ||
| 260 |
_aIndia: _bPearson Education, _c2002. |
||
| 650 | _2Introduction to Robotics Mechanics and Control | ||
| 942 |
_2ddc _cBK |
||
| 999 |
_c611068 _d611068 |
||